000 00614nam a2200217Ia 4500
005 20221011094739.0
008 131103s9999 xx 000 0 und d
040 _aLoreto College
041 _aEnglish
082 _a150
_bHAD
100 _aHadfield, J. A.
245 _aPsychology and mental health
_b a contribution of developmental psychology
_cJ. A. Hadfield
260 _aLondon
_bGeorge Allen and Unwin
_c1950(1960printing)
300 _a444p
504 _aInclude index
630 _aMental Health
650 _aPsychology
651 _aDevelopmental Psychology
850 _aLCLIB
942 _cBK
999 _c18815
_d69294